000 00302nam a2200121Ia 4500
008 240624s9999 xx 000 0 und d
041 _aeng
082 _a891.43 JOS
100 _aJOSHI SHARAD
245 _aHUM BHRASHTAN KE BHRASHT HAMARE
260 _c2010
_aNew Delhi
_bBhartiya Jnanpith
365 _cRS
999 _c17138
_d17138